| 000 | 02382cam a22003737i 4500 | ||
|---|---|---|---|
| 001 | 17678838 | ||
| 003 | OSt | ||
| 005 | 20240227115956.0 | ||
| 008 | 130329s2012 gw a b 001 0 eng d | ||
| 010 | _a 2012532274 | ||
| 015 |
_aGBB250609 _2bnb |
||
| 020 | _a9783791347219 | ||
| 020 | _a3791347217 | ||
| 020 | _z9783791347226 | ||
| 035 | _a(OCoLC)ocn794296900 | ||
| 040 |
_aUKMGB _beng _cUKMGB _dBTCTA _dOCLCO _dBDX _dNZUPM _dOHX _dYDXCP _dBWX _dABG _dOCLCQ _dOCLCF _dOCLCQ _dNYWWB _dOCLCQ _dDLC _erda _dDLC |
||
| 042 | _alccopycat | ||
| 050 | 0 | 0 |
_aN6490 _b.F539 2012 |
| 072 | 7 |
_aN _2lcco |
|
| 082 | 0 | 4 |
_a709.04 _223 _bFIN 2012 |
| 100 | 1 |
_aFinger, Brad. _9121449 |
|
| 245 | 1 | 0 |
_aModern art : _bthe groundbreaking moments / _cBrad Finger. |
| 260 |
_aLondon: _bPrestel; _c2012. |
||
| 300 |
_a187 pages : _billustrations (chiefly color) ; _c25 cm |
||
| 504 | _aIncludes bibliographical references (page 189) and index. | ||
| 505 | 0 | _aÉdouard Manet : Le déjeuner sur l'herbe -- Claude Monet : the birth of Impressionism -- Paul Cézanne : the artistic process -- Vincent van Gogh : Wheatfield with Crows -- Auguste Rodin : Balzac -- Henri Matisse : the harmony of Fauvism -- Pablo Picasso : Les Demoiselles d'Avignon -- Kazimir Malevich : the cosmic art of Suprematism -- Wassily Kandinsky : Abstract Art -- Marcel Duchamp : art redefined -- Max Ernest : the Surrealist melting pot -- Ernst Ludwig Kirchner : Die Brücke and Expressionism -- Diego Rivera : The court of the Fiestas and modern political art -- Alexander Calder : kinetic art and the contemporary museum -- Jackson Pollock : Abstract Expressionism and the cultural rebel -- Bridget Riley : Op Art -- Richard Hamilton : Pop Art and commercial society -- Yves Klein : the immaterial -- Jean Dubuffet : Art Brut and the outsider artist -- Nam June Paik : TV Cello and the multimedia revolution -- Chuck Close : photorealism -- Robert Smithson : Spiral Jetty and the art of entropy. | |
| 650 | 0 |
_aArt, Modern _y20th century _xHistory. _9121474 |
|
| 650 | 0 |
_aArt, Modern _y21st century _xHistory. _9121475 |
|
| 856 | 4 | 2 |
_3Publisher description _uhttp://www.loc.gov/catdir/enhancements/fy1515/2012532274-d.html |
| 906 |
_a7 _bcbc _ccopycat _d2 _encip _f20 _gy-gencatlg |
||
| 942 |
_2ddc _cBK _aSADA _k709.04 FIN 2012 |
||
| 999 |
_c608334 _d608334 |
||